| 000 | 00596nam a2200193 i 4500 | ||
|---|---|---|---|
| 001 | 86979 | ||
| 003 | ES-MaACL | ||
| 005 | 20230906175550.0 | ||
| 007 | t| | ||
| 008 | 041217s1946 xxk ||||1| eng d | ||
| 100 | 1 |
_aKonstam, E. M. _968566 |
|
| 245 | 1 | 4 |
_aThe law of income tax / _cby E.M. Konstam. |
| 250 | _a10th ed. | ||
| 260 |
_aLondon : _bStevens & Sons, _c1946 ( _fC.R. Roworth) |
||
| 300 |
_aLXVIII, 851 p. ; _c25 cm. |
||
| 500 | _aWith the income tax acts appended. | ||
| 505 | 8 | _aContiene: Second cumulative supplement to the law of income tax | |
| 852 |
_aES-MaACL _jC-5255 _bR.25981 |
||
| 999 |
_c86979 _d86979 |
||